000 01193nam a22001457a 4500
999 _c526022
_d526022
008 240503b ||||| |||| 00| 0 eng d
100 _aAngrist, Joshua et al
_952167
245 _aRace and the mismeasure of school quality
260 _aThe American Economic Review: Insights
300 _a6(1), Mar, 2024: p.20-37
520 _aIn large urban districts, schools enrolling more White students tend to have higher performance ratings. We use an instrumental variables strategy leveraging centralized school assignment to explore this relationship. Estimates from Denver and New York City suggest that the correlation between school performance ratings and White enrollment shares reflects selection bias rather than causal school value added. In fact, value added in these two cities is essentially unrelated to White enrollment shares. A simple regression adjustment is shown to yield school ratings uncorrelated with race while predicting value added as well as or better than the corresponding unadjusted measures.- Reproduced https://www.aeaweb.org/articles?id=10.1257/aeri.20220292
773 _aThe American Economic Review: Insights
906 _aEDUCATION
942 _cAR